Responses for Show #3158 - Wednesday, April 29, 1998

1998 Celebrity Invitational game 3.

Contestants

[<< previous game]

Jack Ford, a news anchor from Weekend Today

Jeri Ryan, an actress from Star Trek: Voyager

Sinbad, an actor and comedian from film and television

[next game >>]

Jeopardy! Round responses

ARABIAN NIGHTS
GET THE VIBE
WASHINGTON D.C.
STAR WARS
THE UMPIRE STRIKES BACK
RETURN OF THE GETTY
    $100 13
Aladdin

Jack
    $100 1
vocal cords

Sinbad
    $100 11
the Lincoln Memorial

Sinbad
    $100 5
Oprah

Jeri
    $100 4
"play"

Jeri
    $200 2
Richter scale

Jeri
    $500 14
J. Edgar Hoover

Jack
    $200 6
Steven Spielberg

Jack
    $200 16
the Baltimore Orioles

Jack
    $300 3
decibels

Jack
    $300 15
oval

Jeri
    $300 7
Melrose Place

Jeri
    $300 17
blue

Jack
    $400 10
a rattlesnake

Jack
    $400 19
the Washington Monument

Jack
    $400 8
Christian Slater

Sinbad
    $400 21
throw him out of the game

Jack
    $400 23
[The end-of-round signal sounds.]

Irises

Triple Stumper
    $500 12
(Jack: What are bats?)
(Jeri: What are snakes?)
(Sinbad: I was just... 'cause they did it.)

fish

SinbadJeriJack
Triple Stumper
    $500 20
(Sinbad: I was chairman, I know it.)

the Cherry Blossom

Sinbad
    $500 9
The [National] Enquirer

Sinbad
    $500 18
a balk

Jack
    $500 22
limestone

Triple Stumper

Scores at the first commercial break (after clue 11):

Sinbad Jeri Jack
$1,100 $700 $900

Scores at the end of the Jeopardy! Round:

Sinbad Jeri Jack
$1,100 $500 $2,800

Double Jeopardy! Round responses

HENRY FORD
VOYAGERS
SEVEN
SO FUNNY IT'S SCARY
20 YEARS FROM NOW
CELEBRITY BOOKS
    $200 2
Michigan

Jack
    $200 11
the Santa Maria

Jack
    $200 1
Brad Pitt

Jack
    $200 6
the mummy

Jeri
    $200 21
Phoenix

Jack
    $400 3
(Sinbad: Jerry Ford.)

Edsel

SinbadJeri
    $400 16
the Titanic

Jack
    $400 4
the Seven Wonders of the World

Sinbad
    $400 7
Little Shop of Horrors

Jeri
    $400 22
individual retirement account

Jack
    $600 12
the Model T

Jeri
    $600 17
the Colorado River

Sinbad
    $600 20
(Sinbad: What is Gentlemen Prefer Blondes?)
(Jack: What is Robin and the Seven Hoods?)

The Seven Year Itch

SinbadJack
Triple Stumper
    $600 8
Vincent Price

Triple Stumper
    $600 23
the pope

Jack
    $800 13
Cadillac

Sinbad
    $1,500 18
(Sinbad: Who is Jack LaLanne?)
(Alex: Close!)
...
(Alex: They did work out together at one time.)
(Sinbad: He trained him! He trained Darwin.)

Charles Darwin

Sinbad
    $800 19
(Sinbad: I'm ashamed I know that.)

Duran Duran

Sinbad
    $800 9
American Werewolf in London

Sinbad
    $800 24
a clone

Sinbad
    $1000 14
V8

Sinbad
    $1000 15
Ahab

Jack
    $1000 5
the heptathlon

Triple Stumper
    $1000 10
The Bride of Frankenstein

Triple Stumper
    $1000 25
Harding

Sinbad
    $2,000 26
(Sinbad: [No response])
[The end-of-round signal sounds.]

Oliver Stone

Sinbad

Scores at the end of the Double Jeopardy! Round:

Sinbad Jeri Jack
$2,800 $2,100 $5,400

[wagering suggestions for these scores]

Final Jeopardy! Round responses

AWARDS
JeriWhat is the Peace Corps?
$2,100
SinbadWhat is The Red Cross
$800
JackWhat is U.N.
$2,000
the (International) Red Cross

Final scores:

Sinbad Jeri Jack
$3,600 $0 $3,400
Winner: $15,000 for the Children's Defense Fund 3rd place: $10,000 for St. Jude's Hospital 2nd place: $10,000 for the Women's Center of Monmouth County

Game dynamics:

Coryat scores:

Sinbad Jeri Jack
$6,300 $2,100 $5,100
13 R,
5 W
(including 2 DDs)
9 R,
1 W
18 R
(including 1 DD),
2 W

Combined Coryat: $13,500

[game clues] [game scores] [suggest correction]

Game tape date: Unknown
The J! Archive is created by fans, for fans. Scraping, republication, monetization, and malicious use prohibited; this site may use cookies and collect identifying information. See terms. The Jeopardy! game show and all elements thereof, including but not limited to copyright and trademark thereto, are the property of Jeopardy Productions, Inc. and are protected under law. This website is not affiliated with, sponsored by, or operated by Jeopardy Productions, Inc. Join the discussion at JBoard.tv.